000 00396nmm a2200145Ia 4500
008 251105s9999||||xx |||||||||||||||||und||
041 _aspa
100 _aSantiago, Mikel
245 0 _aEl mal camino
264 _a[Madrid, España] :
_bEdiciones B,
_c2015
300 _a432 páginas
650 _aThriller & Suspense
856 _uhttps://public.digitaliapublishing.com/a/54185
942 _cCF
999 _c105509
_d105509